LEADER 00943nam a2200241 i 4500 001 000000153118 003 CaOOAMICUS 005 20060913000000.0 008 060913s2006 it u000 u ita u 013 $a130459 040 $aSeMil$bita 245 10$aSpagna, Portogallo. 300 $a960 p., 95 c. di tav. :$bill. 490 0 $aLa Biblioteca di Repubblica 500 $aContiene : Atlante cartografico. 650 4$aSpagna - Guide.$0(OLS)http://semarc/subject/7481 650 4$aPortogallo - Guide.$0(OLS)http://semarc/subject/7482 773 0 $tEuropa e i paesi del Mediterraneo.$dMilano : Touring Club Italiano, copyr. 2006.$g3$w()16300 830 3$aLa Biblioteca di Repubblica.$0(OLS)http://semarc/title/18738 850 $aSeMil 852 $aSeMil$W1$xVenegono$y1$m4Y I 3$j105062$B105062$CSeMilBibl$Z2$F114296 $81 961 $aAcquisto: La Repubblica 996 $6245$aSpagna, Portogallo$9(OLS)http://semarc/title/52687 LEADER 01048nam a2200265 i 4500 001 000000160804 003 CaOOAMICUS 005 20220131105506.0 008 070413s2000 it u000 u ita u 013 $a138167 020 $a88-04-46927-7 040 $aSeMil$bita 100 1 $aCitati, Pietro,$d<1930-2022>.$0(OLS)http://semarc/name/8609 245 13$aIl male assoluto :$bnel cuore del romanzo dell'ottocento /$cPietro Citati. 260 $aMilano :$bMondadori,$c2000. 300 $a511 p. ;$c23 cm. 490 0 $aLetteratura contemporanea 830 0$aLetteratura contemporanea.$0(OLS)http://semarc/title/6914 850 $aSeMil 852 $aSeMil$W1$xVenegono$y1$m1D V 183$j112255$B112255$CSeMilBibl$Z2$F122454 $81 961 $aOmaggio: Pontiggia don Virginio 996 $6020$a88-04-46927-7$9(OLS)http://semarc/number/76738 996 $6245$aIl male assoluto :$bnel cuore del romanzo dell'ottocento$9(OLS)http://semarc/title/143645 996 $6260$aMilano :$bMondadori$9(OLS)http://semarc/publisher/30335